|
|
|
|
| LEADER |
01187nam a2200313 a 4500 |
| 001 |
1542068 |
| 005 |
20080417152556.0 |
| 008 |
090513s1992 nyua b 001 0 eng d |
| 010 |
|
|
|a \\\91014984
|
| 020 |
|
|
|a 0007123260
|
| 020 |
|
|
|a 0070230544 :
|c $50.95
|
| 040 |
|
|
|a DLC
|c DLC
|d DLC
|
| 050 |
0 |
0 |
|a TA684
|b .G3 1992
|
| 082 |
0 |
0 |
|a 624.1/821
|2 20
|
| 100 |
1 |
|
|a Gaylord, Edwin H.
|q (Edwin Henry),
|d 1903-1998.
|
| 245 |
1 |
0 |
|a Design of steel structures /
|b Edwin H. Gaylord, Jr., Charles N. Gaylord, James E. Stallmeyer.
|
| 250 |
|
|
|a 3rd ed.
|
| 260 |
|
|
|a New York :
|b McGraw-Hill,
|c c1992.
|
| 300 |
|
|
|a xxi, 792 p. :
|b ill. ;
|c 25 cm.
|
| 504 |
|
|
|a Includes bibliographical references and indexes.
|
| 541 |
1 |
|
|e 00012905
|
| 650 |
|
0 |
|a Building, Iron and steel.
|
| 650 |
|
0 |
|a Aluminum construction.
|
| 700 |
1 |
|
|a Gaylord, Charles N.
|
| 700 |
1 |
|
|a Stallmeyer, James E.
|
| 740 |
0 |
|
|a Steel structures.
|
| 852 |
4 |
|
|a Ayesha Abed Library
|j Generalshelf
|
| 999 |
|
|
|c 677
|d 677
|
| 952 |
|
|
|0 0
|1 0
|2 ddc
|4 0
|6 624_000000000000000_1821GAY
|7 0
|8 NFIC
|9 624
|a BRACUL
|b BRACUL
|c GEN
|d 2009-05-13
|g 0.00
|l 1
|m 14
|o 624.1821GAY
|p 3010012905
|r 2014-10-29
|s 2014-07-13
|t 1
|w 2009-05-13
|y BK
|x No price found in the accession register.
|